| 000 | 00396nam a22001577a 4500 | ||
|---|---|---|---|
| 020 | _a9789386228062 | ||
| 082 |
_a823.01 _bRAN/T |
||
| 100 | _aRana Safvi | ||
| 245 |
_aTales from the Quran and Hadith/ _cby Rana Safvi |
||
| 260 |
_aNew Delhi: _bJuggernaut books, _c2017. |
||
| 300 | _a179p. | ||
| 650 | _aStories English | ||
| 650 | _aEnglish Literature | ||
| 650 | _aLiterature | ||
| 942 | _cBK | ||
| 999 |
_c181297 _d181297 |
||